| 000 | 00578nam a22001817a 4500 | ||
|---|---|---|---|
| 005 | 20251108165855.0 | ||
| 008 | 250721s1980 xx 000 0 ara d | ||
| 082 | 1 | 4 | _aط/573/هور |
| 100 | 1 | _aهورد، جوان | |
| 245 | 1 | 0 | _aجسم الإنسان / |
| 264 | 1 |
_aبيروت : _bمكدونلد الشرق الأوسط، _c1980. |
|
| 300 | _a45ص : مص | ||
| 490 | 0 | _aالمكتبة الحديثة للمعارف و العلوم ؛ 2 | |
| 650 | 1 | 7 | _aالأنثروبولوجيا |
| 700 | 1 |
_aصالح، عبد الله _eترجمة |
|
| 942 |
_2ddc _cBK |
||
| 999 |
_c33564 _d33564 |
||